[Event "Asia zt 3.2"]
[Site "Colombo"]
[Date "2025.03.11"]
[Round "2"]
[White "Wickramasinghe, VWA Vinuda Vidm"]
[Black "Manon, Reja Neer"]
[Result "0-1"]
[WhiteElo "2025"]
[BlackElo "2431"]
[PlyCount "104"]
[EventDate "2025.03.11"]
[EventType "swiss"]
[EventRounds "9"]
[EventCountry "SRI"]
[SourceTitle "CB13_2025"]
[SourceDate "2025.03.26"]
[SourceVersion "1"]
[SourceVersionDate "2025.03.26"]
[SourceQuality "1"]

1. d4 Nf6 2. c4 g6 3. g3 Bg7 4. Bg2 0-0 5. Nc3 d6 6. Nf3 Nc6 7. 0-0 a6 8. b3 Rb8 9. d5 Na5 10. Bg5 c5 11. dxc6 bxc6 12. Qd2 Re8 13. h3 Bf5 14. Bh6 Bh8 15. Ng5 Qb6 16. Rac1 Rbd8 17. g4 Bc8 18. Nge4 Nxe4 19. Nxe4 Nb7 20. Be3 Qc7 21. Rfd1 Bd7 22. Nc3 Rb8 23. b4 Nd8 24. a3 Ne6 25. Nd5 Qd8 26. Nf4 Nc7 27. Nd3 Qc8 28. a4 f5 29. g5 e5 30. Nc5 dxc5 31. Qxd7 cxb4 32. Bxc6 Rd8 33. Qe7 b3 34. Bb6 b2 35. Rb1 Rxd1+ 36. Rxd1 Bg7 37. c5 Na8 38. Bd5+ Kh8 39. Bxa8 Rxa8 40. Qf7 e4 41. Qd5 Qg8 42. Qxg8+ Kxg8 43. c6 Rc8 44. c7 Kf7 45. Kg2 Be5 46. Rb1 Ke6 47. e3 Kd5 48. Kf1 Kc4 49. Ke2 Kb3 50. Kd2 Bxc7 51. Bd4 Ba5+ 52. Kd1 Rc2 0-1

[Event "SRI-chB"]
[Site "Colombo"]
[Date "2023.03.04"]
[Round "2"]
[White "Dissanayake, RKT"]
[Black "Wickramasinghe, VWA Vinuda Vidm"]
[Result "1/2-1/2"]
[WhiteElo "1948"]
[BlackElo "1523"]
[PlyCount "101"]
[EventDate "2023.03.04"]
[EventType "swiss"]
[EventRounds "11"]
[EventCountry "SRI"]
[SourceTitle "CBM 213 Extra"]
[Source "ChessBase"]
[SourceDate "2023.05.31"]
[SourceVersion "1"]
[SourceVersionDate "2023.05.31"]
[SourceQuality "1"]

1. e4 d6 2. d4 Nf6 3. Nc3 Nbd7 4. Be3 e5 5. Be2 Be7 6. Qd2 c6 7. f3 Qc7 8. Nh3 b5 9. d5 a6 10. dxc6 Qxc6 11. Nf2 Nb6 12. Bxb6 Qxb6 13. 0-0 Be6 14. Kh1 h5 15. a4 b4 16. Nd5 Bxd5 17. exd5 h4 18. Bd3 Rb8 19. Bc4 Nh5 20. a5 Qb7 21. Rfe1 Nf4 22. Ne4 Kf8 23. c3 f5 24. Nf2 Rc8 25. Bf1 Nxd5 26. Bxa6 Qxa6 27. Qxd5 bxc3 28. bxc3 Rc5 29. Qe6 Rxa5 30. Rab1 Rb5 31. Qxf5+ Bf6 32. Qd7 Rxb1 33. Rxb1 Be7 34. Nh3 Qa8 35. Qc7 Kf7 36. Ng5+ Kf6 37. Ne4+ Ke6 38. h3 Rc8 39. Qb6 Qc6 40. Qb3+ d5 41. Nf2 Qxc3 42. Qb7 Qc7 43. Qa6+ Bd6 44. Nd3 Qc4 45. Nf4+ exf4 46. Re1+ Kd7 47. Qb7+ Rc7 48. Qb8 Rc8 49. Qb7+ Rc7 50. Qb8 Rc8 51. Qb7+ 1/2-1/2